Fußballvereine nach Logo (schwer) - Statistiken

Allgemein
  • Dieses Quiz wurde 988 mal gespielt
    377 seit der letzten Aktualisierung
  • Das Durchschnittsergebnis liegt bei 14 aus 16
Antwortstatistiken
Bildquiz Antwort % Korrekt
Porto FC
93%
Aston Villa
92%
Atletico Madrid
92%
Galatasaray
92%
Benfica SL
91%
Bologna FC
90%
Rot-Weiß Essen
88%
Fulham FC
87%
Sevilla FC
87%
Roter Stern Belgrad
85%
Wolverhampton
84%
Dynamo Kiew
83%
RCD Mallorca
79%
Real Sociedad
78%
AC Florenz
72%
Genua
68%
Keine übereinstimmenden Quizze gefunden
Verteilung der Resultate
Anzahl Personen mit jedem Resultat
Perzentil nach korrekt beantworteten Fragen
Ihre Resultats-Entwicklung
Sie haben dieses Quiz seit der letzten Aktualisierung nicht gespielt